| 000 | 00812cab a2200277 4500 | ||
|---|---|---|---|
| 001 | ABS53318 | ||
| 008 | 090401t1995 xxu||||| |||| 00| 0 eng d | ||
| 035 | _a(Sirsi) u3511 | ||
| 041 | _aeng | ||
| 100 | _aBridge, L. | ||
| 245 | _aShowdown for showhouses | ||
| 260 | _c1995 | ||
| 350 | _a0 | ||
| 490 |
_aContract Journal _v379(6033) 13 July 1995, 17(1) |
||
| 520 | _aConsiders how worthwhile showhomes are commercially following a LT test case in which showhouses were found to be liable for rating. "Ideal Homes v Ian Walker". | ||
| 650 | _aBUSINESS RATES | ||
| 650 | _aIDEAL HOMES V IAN WALKER | ||
| 650 | _aRATEABILITY | ||
| 650 | _aSHOWHOMES | ||
| 650 | _aSHOWHOUSES | ||
| 650 | _aTEST CASE | ||
| 650 | _aVIEWHOUSES | ||
| 690 | _aRATING AND VALUATION | ||
| 942 | _n0 | ||
| 948 | _c04/03/1997 | ||
| 999 |
_c2161 _d2161 |
||